000 00773pam a2200265 a 4500
999 _c1624
_d1624
001 897302
003 OSt
005 20210629080909.0
008 810205s1981 nyua b 001 0 eng
010 _a 81000845
020 _a006163400X
040 _aDLC
_cALUPE UNIVERSITY
_dDLC
050 0 0 _aQD251.2
_b.W55
082 0 0 _a547
_219
100 1 _aWingrove, Alan S.,
_d1939-
245 1 0 _aOrganic chemistry /
_cAlan S. Wingrove, Robert L. Caret.
260 _aNew York :
_bHarper & Row,
_cc1981.
300 _axxiv, 1334 p. :
_bill. ;
_c26 cm.
500 _aIncludes index.
504 _aBibliography: p. 1321-1334.
650 0 _aChemistry, Organic.
700 1 _aCaret, Robert L.,
_d1947-
906 _a7
_bcbc
_corignew
_d1
_eocip
_f19
_gy-gencatlg
942 _2lcc
_cBK
_nJO